Statistiques concernant Devinez le parcours de ces joueurs de foot N°5

Cliquez ici pour prendre le quiz!

Statistiques générales

  • Ce quiz a été pris 2 815 fois
  • Le résultat moyen est 9 sur 12

Statistiques - réponses

Réponse% Correct
Haaland
96%
Iniesta
95%
Lacazette
94%
Courtois
83%
Pepe
81%
Van Dijk
81%
Valbuena
80%
Insigne
68%
Higuaín
66%
Tadić
60%
Aspas
59%
Tomori
54%

Distribution des résultats

Percentile par nombre de réponses

% des personnes avec chaque résultat

Votre développement - résultats

Vous n’avez pas pris ce quiz